000 00907nas a2200253 4500
001 BR8601522
003 BR-BrBNA
005 20231205090412.0
007 ta
008 230509b bl.|||p| |||| 00| 00por d
040 _aBR-BrBNA
_bpor
_cBiblioteca Nacional de Agricultura
041 _a(Pt)
072 _aH60
100 1 _aPacheco, R.P. de B.
100 1 _aMarinis, G. de
245 1 _aCiclo de vida, estruturas reprodutivas e dispersao de populacoes experimentais de capim-carrapicho (Cenchrus echinatus L.)
246 1 _aLyfe cycle, reproductive structures and dispersion of experimental populations of sanbur (Cenchrus echinatus L.)
650 _aCAPIM CARRAPICHO
650 _aCICLO DE VIDA
650 _aREPRODUCAO VEGETAL
773 0 _tPlanta Daninha (Brazil)
_xISSN 0100-8358
_g(Jun 1984), v. 7(1) p. 13-21
_wBR8601522
909 _a202311
_bLúcia
_c55
_dLúcia Elande
942 _2AGRIS
_n0
_cANA
999 _c118180
_d118180